00835nam a2200229 a 4500008004100000020003100041040002500072041001300097044001100110080002000121080001400141080001800155100002200173245008800195250001300283260004900296300003400345500014200379700003200521700002200553700003000575951213s1979||||[C 0 slo c c12 Kčs. q(4000 výtl.) aSNKbslocSNKeAACR21 aslohrus axocSK a1 100:92(035.3) a92(035.3) a92 Marx, Karl1 aLapin, N. I.4aut10aMladý MarxcN. I. Lapin ; Mária Molnárová, Otakar Rosa, Karl - o ňom Marx a1., vyd. aBratislavabPravdac1979eBratislavafPravda a384 s., 19,71 AHbFot.c21 cm aLit. 143. Fot. na predsádkach. Pozn. Faksim. rkp. 143 zázn. lit. o knihách v jaz. slov., čes., rus., nem., angl., franc. a poľ.1 aMolnárová, Mária4trl1 aRosa, Otakar4bkd1 aMarx, Karl - o ňom4oth